Revista Reflexiones. Tabla de contenido: número 142, 2014
Guardat en:
| Format: | Llibre |
|---|---|
| Idioma: | Spanish |
| Publicat: |
2014
|
| Etiquetes: |
Afegir etiqueta
Sense etiquetes, Sigues el primer a etiquetar aquest registre!
|
MARC
| LEADER | 00000nam a22000007a 4500 | ||
|---|---|---|---|
| 003 | cru IIS | ||
| 005 | 20211016104235.0 | ||
| 008 | 211015b2014 es ||||| |||| 00| 0 spa d | ||
| 040 | |c CRAI UCR | ||
| 082 | |a REV1661 (142) 2014 | ||
| 245 | |a Revista Reflexiones. Tabla de contenido: número 142, 2014 | ||
| 260 | |c 2014 | ||
| 500 | |a Colección Centroamérica | ||
| 505 | |a Editorial No.142 - El Editor 503-504 // Radicalización del pensamiento crítico y de la praxis teológico-teologal de Ignacio Ellacuría en 1985-1986 - Jorge Luis Alvarado 505-520 // Teología india y opción por los pobres - Ferran Cabrero 521-534 // Ellacuría y Foucault en los márgenes - Gregory A. Banazak 535-548 // Política y economía en la América Latina de hoy - Carmen Elena Villacorta 549-559 // Hacia una nueva forma de construir lo social - Carlos Peris 561-570 // El papel de la universidad en el pensamiento de Ignacio Ellacuría: lecciones y actualidad - Nathalia Henrich 571-576 // Liberación, desideologización, y derechos humanos, categorías para una apología de la autonomía de las mujeres - Mirian Irene Meléndez Cartagena 577-583 // Historización del concepto de Salud Mental desde los aportes de Ignacio Ellacuría - Fernando Chacón Serrano 585-591 // La prensa salvadoreña y la transparencia gubernamental: un instrumento para promover la cultura democrática de la información en la ciudadanía - Lya Ayala Arteaga 593-604 // El lado europeo de lo maravilloso - Emilio Delgado Chavarría 605-635 | ||
| 773 | 0 | |0 40343 |9 6237 |a Universidad Centroamericana José Simeón Cañas (UCA) |d El Salvador: Universidad Centroamericana José Simeón Cañas. Facultad de Ciencias Sociales y Humanidades |o 17432 |t Realidad: |x 10125515 | |
| 942 | |2 ddc |c PP | ||
| 999 | |c 43922 |d 43922 | ||
